000 00803nam a2200217 i 4500
001 bg
245 0 0 _aInformator o sytuacji społeczno-gospodarczej Gdańska za 2006 r. =
_bInformation on social and economic situation of Gdańsk for the year 2006 /
_c[red. zespół Barbara Grabara et al.] ; Urząd Statystyczny w Gdańsku, Urząd Miejski w Gdańsku.
260 _aGdańsk :
_bUrząd Statystyczny :
_bUrząd Miejski,
_c2007.
300 _a150 s. :
_bgł. tabl. ;
_c24 cm.
546 _aTekst równol pol. i ang.
651 9 _aGdańsk
_y2006 r.
655 _aDane statystyczne
700 1 _aGrabara, Barbara.
_eRed.
022 _a15057186
040 _cBPK
041 _apol
044 _aPOL
080 _a311.3(438)"2001/..."(083.41)
942 _cKS
008 s pl f |000 0 pol
999 _c55560
_d55560
856 _uhttp://koha.tu.koszalin.pl/cgi-bin/koha/opac-detail.pl?biblionumber=55560
_yKatalog online BPK